000 00914aab a2200205 i 4500
001 768714001
003 CO-MdFUSB
005 20240422093223.0
008 240418t1987 ag ||||| |||| 00| 0 spa d
040 _bspa
_cCO-MdFUSB
041 _aspa
100 1 _aZandrino, Ricardo
_eautor
245 3 _aLa unidad familiar
_c/ Ricardo Zandrino
300 _aVolumen 6, número 3 (septiembre, 1987), páginas: 17 - 20
_c; 27 cm
520 _aCada miembro de la familia es único e irrepetible, y necesita una consideración y un espacio propio para desarrollar sus capacidades. La unidad de la familia no surge de la uniformidad sino del respeto por las diferencias, del estímulo a la búsqueda de la propia identidad.
650 0 _aFamilias
_9292
650 0 _aVida cristiana
_919
773 0 _tIglesia y Misión
_049402
_959679
_gVolumen 6, número 3 (septiembre, 1987), páginas: 17 - 20
_qpágina: 17
942 _cANA
999 _c51718
_d51718